01701nam a22004217a 4500003000500000005001700005008004100022010001000063011001000073035001000083040000900093090001000102100003800112245014400150260004200294300001900336500001000355502008900365590003700454590004100491590004100532590004100573590004200614650003000656650003600686650005600722650003900778650002300817650003200840650003300872901000700905942000900912949004200921949004700963999001701010952012501027952012701152CHAP20220329141451.0971013s1989 r 00010 d a68634 a69606 a79083 cCHAP aTesis00aAvelar Mejía, J. Jesús.98490 aIntentos de control de la marchitez del chile ocasionada por el hongo Phytophthora capsici L. en la región de Valsequillo, Puebla, Méx. aMontecillo, Méx. :bEl autor,c1989 a66 h. apènd. a31-25 aTesis (Maestro en Ciencias Esp. en Fitopatología) -- CP. Centro de Fitopatología aALEPHb10c20130110lUCH01h1405 aBATCH-UPDb10c20130110lUCH01h0723 aBATCH-UPDb10c20130410lUCH01h0407 aBATCH-UPDb10c20130913lUCH01h1913 aCONVERSIONb10c20130109lUCH01h133814aAcolchado de suelos.962314aCalorxEfecto en suelos.91757614aChile (Botánica)xEnfermedades por hongos.92235414aEstiércol como fungicida.93831914aFungicidas.94404414aMarchitez del chile.97128214aPhytophthora capsici.987920 aBK cFOLL bBCcTESd-31963eTS1h21465i79083si bBCcTESd-95807eTS2fc.2h21466i79083si c68634d68634 00102local4053708TESISaBCbBCcPA_TESISd2019-12-31fTESISl0p-95807r2019-12-31 00:00:00tc.2w2019-12-31yTESIS 00102local4051708TESISaBCbBCcPA_TESISd2019-12-31fTESISl0oTesisp-31963r2019-12-31 00:00:00w2019-12-31yTESIS